| 000 | 00473cam a2200181ua 4500 | ||
|---|---|---|---|
| 003 | OSt | ||
| 008 | 240213b |||||||| |||| 00| 0 eng d | ||
| 041 | _aeng | ||
| 082 |
_a635 _bPET/FR |
||
| 100 |
_aPeter, K V. _9305 |
||
| 245 | 0 | 0 | _aFruit crops / |
| 260 |
_aNew Delhi : _bNew India Publishing Agency , _c2007. |
||
| 300 |
_a429 ; _eCD. |
||
| 490 | 0 | _aHorticultural Science Series No. 3, | |
| 700 | 1 |
_aMathew, L . _93074 |
|
| 700 | 1 |
_aRadha, T . _93075 |
|
| 942 | _cBK | ||
| 999 |
_c13259 _d13259 |
||